Central Library OPAC University of Rajshahi

Statistical inference / (Record no. 1725)

MARC details
000 -LEADER
fixed length control field 00915cam a2200313 a 4500
001 - CONTROL NUMBER
control field 1725
003 - CONTROL NUMBER IDENTIFIER
rucl marc code BD-RjUL
005 - DATE AND TIME OF LATEST TRANSACTION
control field 20211208233410.0
008 - FIXED-LENGTH DATA ELEMENTS--GENERAL INFORMATION
fixed length control field 131208s1953 nyua s 001 0 eng
029 1# - (OCLC)
OCLC library identifier UKM
System control number b5402730
035 ## - SYSTEM CONTROL NUMBER
System control number (OCoLC)ocm00710639
System control number (BD-RjUL)1752
System control number (NNC)1515366
040 ## - CATALOGING SOURCE
Original cataloging agency DLC
Transcribing agency DLC
Modifying agency UKM
-- BD-RjUL
Language of cataloging eng
041 ## - LANGUAGE CODE
Language code of text/sound track or separate title eng
082 00 - DEWEY DECIMAL CLASSIFICATION NUMBER
Classification number 519.54
Edition number 16
Author mark and year WAS 1953
100 1# - MAIN ENTRY--PERSONAL NAME
Personal name Walker, Helen M.
Fuller form of name (Helen Mary),
Dates associated with a name 1891-1983.
9 (RLIN) 5711
245 10 - TITLE STATEMENT
Title Statistical inference /
Statement of responsibility, etc. [by] Helen M. Walker [and] Joseph Lev.
260 ## - PUBLICATION, DISTRIBUTION, ETC. (IMPRINT)
Place of publication, distribution, etc. New York :
Name of publisher, distributor, etc. Holt,
Date of publication, distribution, etc. c1953
300 ## - PHYSICAL DESCRIPTION
Pagination 510 p. :
Illustrations illus. ;
Size 25 cm.
504 ## - BIBLIOGRAPHY, ETC. NOTE
Bibliography, etc Includes index.
650 #0 - SUBJECT ADDED ENTRY--TOPICAL TERM
Topical term or geographic name as entry element Mathematical statistics.
9 (RLIN) 5712
Topical term or geographic name as entry element Population
Form subdivision Statistics.
9 (RLIN) 5713
700 1# - ADDED ENTRY--PERSONAL NAME
Personal name Lev, Joseph,
Dates associated with a name 1903-1988,
Relator term author.
942 ## - ADDED ENTRY ELEMENTS (KOHA)
Source of classification or shelving scheme Dewey Decimal Classification
Koha item type Books
Holdings
Lost status Source of classification or shelving scheme Damaged status Not for loan Collection code Permanent Location Current Location Shelving location Date acquired Source of acquisition Cost, normal purchase price Total Checkouts Full call number Date last seen Copy number Koha item type
  Dewey Decimal Classification     Non-fiction Central Library, University of Rajshahi Central Library, University of Rajshahi   19/11/1968 zeithinger 74.00   519.54 WAS 1953 08/12/2013 C-4 Books
  Dewey Decimal Classification   Not For Loan Non-fiction Central Library, University of Rajshahi Central Library, University of Rajshahi Reading Room 25/04/1961 lAHORE, Mirza Books Agency. 37.50   519.54 WAS 1953 21/05/2014 C-1 Books
  Dewey Decimal Classification     Non-fiction Central Library, University of Rajshahi Central Library, University of Rajshahi   11/12/1970 Zeitlinger 0.00   519.54 WAS 1953 21/05/2014 C-2 Books
  Dewey Decimal Classification     Non-fiction Central Library, University of Rajshahi Central Library, University of Rajshahi   11/12/1970 Zeitlinger 74.00   519.54 WAS 1953 21/05/2014 C-3 Books